| 000 | 00565nam a2200205Ia 4500 | ||
|---|---|---|---|
| 005 | 20250522104512.0 | ||
| 008 | 008 250516s9999 xx 000 0 eng d | ||
| 020 | _a9781501373404 | ||
| 040 |
_aSDCL _beng _cSDCL |
||
| 041 |
_aeng _2eng |
||
| 084 |
_aO-,3N:g(D), R2 _qSDCL |
||
| 100 |
_aHodapp, James Ed. _935879 |
||
| 245 | 0 | _aGraphic novels and comics as world literature | |
| 260 |
_aNew York: _bBloomsbury, _c2022. |
||
| 300 | _axii,285p. | ||
| 365 |
_aUKP _b28.99 |
||
| 490 | _aLiteratures as world literature | ||
| 650 | _aEnglish | ||
| 942 | _cTEXL | ||
| 999 |
_c1430562 _d1430562 |
||